| Поле | Инд. | ПП | Название | Значение |
|---|---|---|---|---|
| Тип записи | a | |||
| Библиографический уровень | m | |||
| 001 | Контрольный номер | 49cd5c65-7513-44ef-a58c-2cfea85b590d | ||
| 005 | Дата корректировки | 20140703130617.1 | ||
| 008 | Кодируемые данные | 040628 | ||
| 020 | c | Цена, тираж | б/ц | |
| 040 | a | Служба первич. каталог. | НБ ТвГУ | |
| 041 | a | Код языка текста | rus | |
| 080 | a | Индекс УДК | 801.318=82=20(043.3) | |
| 084 | a | Индекс другой классификации/Индекс ББК | Ш143.21-33я031 | |
| a | Индекс другой классификации/Индекс ББК | Ш141.12-33я031 | ||
| 090 | x | Авторский знак | Ж45 | |
| a | Полочн. индекс | Ш143.21 | ||
| 100 | 1_ | a | Автор | Жевайкина Юлиана Васильевна |
| 245 | 10 | a | Заглавие | Когнитивные аспекты идиоматики (на материале семантического поля "безумие" в русском и английском языках) |
| b | Продолж. заглавия | автореф. дис. ... канд. филол. наук : 10.02.19 | ||
| c | Ответственность | Ульян. гос. ун-т, Каф. общ. и герм. языкознания | ||
| 260 | 0_ | a | Место издания | Ульяновск |
| b | Издательство | Ульяновский гос. ун-т | ||
| c | Дата издания | 2004 | ||
| 300 | a | Объем | 22 с. | |
| 500 | a | Примечание | На правах рукоп. | |
| 504 | a | Библиография | Библиогр.: с.22. | |
| 583 | a | Действие | Получение впервые 283 28.06.2004 | |
| 650 | a | Основная рубрика | Языкознание | |
| x | Основная подрубрика | Фразеология | ||
| x | Основная подрубрика | Идиоматика | ||
| 650 | a | Основная рубрика | Английский язык | |
| 650 | a | Основная рубрика | Русский язык | |
| 653 | a | Ключевые слова | Языкознание | |
| a | Ключевые слова | Фразеология | ||
| a | Ключевые слова | Идиоматика | ||
| a | Ключевые слова | Английский язык | ||
| a | Ключевые слова | Русский язык | ||
| a | Ключевые слова | Авторефераты | ||
| 852 | t | Порядковый номер экземпляра | 1 | |
| p | Инвентарный номер | б/н | ||
| 888 | a | Бесплатные | ||
| 930 | a | Новая/Ретро | авторефераты | |
| 952 | p | 283.2004 б/ц 1 б/н | ||
| c | Вид литературы | А/Р н | ||
| 954 | a | Дата поступления на обработку | 20040929 | |
| 999 | a | Подразделение 2 | ч.з. |